| 000 | 00548cam a22002291 4500 | ||
|---|---|---|---|
| 001 | sa 68002495 | ||
| 003 | DLC | ||
| 005 | 20260227112443.0 | ||
| 008 | 890918s1967 ii 000 0 maro | ||
| 010 | _asa 68002495 | ||
| 035 | _a(OCoLC)20361648 | ||
| 040 |
_aDLC _cWaU _dDLC |
||
| 042 | _apremarc | ||
| 050 | 0 | 0 |
_aPK2403 _b.P47 |
| 100 | 1 | _aPhadke, Narayan Sitaram. | |
| 245 | 1 | 0 | _aAisī̃ aksharē rasikẽ. |
| 260 | _c[1967] | ||
| 300 |
_a294 p. _c19 cm. |
||
| 500 | _aIn Marathi. | ||
| 650 | 0 | _aMarathi literature. | |
| 650 | 0 | _aActors. | |
| 999 |
_c78769 _d78769 |
||